[Event "ROM-ch U12"]
[Site "Calimanesti Caciulata"]
[Date "2016.04.24"]
[Round "8"]
[White "Cioculeasa, Andrei Vlad"]
[Black "Anton, Claudiu George Alex"]
[Result "1/2-1/2"]
[WhiteElo "1249"]
[BlackElo "1480"]
[PlyCount "71"]
[EventDate "2016.04.18"]
[EventType "swiss"]
[EventRounds "9"]
[EventCountry "ROU"]
[SourceTitle "CBM 172 Extra"]
[Source "ChessBase"]
[SourceDate "2016.06.21"]
[SourceVersion "1"]
[SourceVersionDate "2016.06.21"]
[SourceQuality "1"]

1. d4 f5 2. Nf3 Nf6 3. Bg5 e6 4. e3 d5 5. Bd3 Bd6 6. 0-0 0-0 7. Nbd2 c6 8. Ne5 Nbd7 9. Ndf3 Qc7 10. Bf4 Ne4 11. c4 Nxe5 12. Nxe5 Qe7 13. c5 Bc7 14. f3 Nf6 15. Re1 Qd8 16. Qa4 Bd7 17. Bg5 h6 18. Bxf6 Rxf6 19. Nxd7 Qxd7 20. e4 fxe4 21. fxe4 Rf4 22. e5 b5 23. Qb4 a5 24. Qd2 Raf8 25. Rf1 Qf7 26. Rxf4 Qxf4 27. Qxf4 Rxf4 28. Rd1 Kh8 29. Bg6 Rf8 30. h4 Bd8 31. g3 Kg8 32. Rf1 Rxf1+ 33. Kxf1 Kf8 34. Kf2 Ke7 35. Kf3 Kd7 36. a3 1/2-1/2

[Event "ROM-ch U12"]
[Site "Calimanesti"]
[Date "2015.04.06"]
[Round "9"]
[White "Balan, Bogdan"]
[Black "Cioculeasa, Andrei Vlad"]
[Result "1-0"]
[WhiteElo "1244"]
[BlackElo "1151"]
[PlyCount "105"]
[EventDate "2015.03.30"]
[EventType "swiss"]
[EventRounds "9"]
[EventCountry "ROU"]
[SourceTitle "CBM 165 Extra"]
[Source "ChessBase"]
[SourceDate "2015.04.21"]
[SourceVersion "1"]
[SourceVersionDate "2015.04.21"]
[SourceQuality "1"]

1. e4 e5 2. Nf3 Nc6 3. Bc4 Bc5 4. d3 d6 5. 0-0 Nf6 6. Nc3 0-0 7. Nd5 Be6 8. Nxf6+ Qxf6 9. Bxe6 fxe6 10. Be3 Bxe3 11. fxe3 Rad8 12. Qe2 a6 13. Nd4 Qe7 14. Nxc6 bxc6 15. b3 d5 16. exd5 exd5 17. Rxf8+ Rxf8 18. a4 c5 19. Rf1 Rxf1+ 20. Kxf1 Qf6+ 21. Qf2 Qxf2+ 22. Kxf2 Kf7 23. Kf3 Kf6 24. h4 h5 25. g3 g5 26. c3 g4+ 27. Ke2 d4 28. e4 c6 29. Kd1 Ke6 30. a5 Kd6 31. Kc2 dxc3 32. Kxc3 Ke6 33. Kb2 Kd6 34. Kc3 Ke6 35. Kc4 Kd7 36. Kxc5 Kc7 37. d4 exd4 38. Kxd4 Kd6 39. b4 Ke6 40. Kc5 Ke5 41. Kxc6 Kxe4 42. b5 Kf3 43. bxa6 Kxg3 44. a7 Kxh4 45. a8Q g3 46. Qg8 Kh3 47. Qg5 h4 48. a6 g2 49. a7 Kh2 50. Qxh4+ Kg1 51. Qg3 Kh1 52. Qxg2+ Kxg2 53. a8Q 1-0

[Event "ROM-ch U12"]
[Site "Calimanesti"]
[Date "2015.04.01"]
[Round "3"]
[White "Anghelescu, Claudiu Gabriel"]
[Black "Cioculeasa, Andrei Vlad"]
[Result "1-0"]
[WhiteElo "1087"]
[BlackElo "1151"]
[PlyCount "105"]
[EventDate "2015.03.30"]
[EventType "swiss"]
[EventRounds "9"]
[EventCountry "ROU"]
[SourceTitle "CBM 165 Extra"]
[Source "ChessBase"]
[SourceDate "2015.04.21"]
[SourceVersion "1"]
[SourceVersionDate "2015.04.21"]
[SourceQuality "1"]

1. d4 d5 2. Nf3 Nf6 3. e3 Bf5 4. Bd3 Bxd3 5. Qxd3 e6 6. Nbd2 Nbd7 7. e4 dxe4 8. Nxe4 Nxe4 9. Qxe4 c6 10. 0-0 Be7 11. Bf4 0-0 12. Rfe1 Re8 13. Rad1 Nf6 14. Qd3 Bd6 15. Ne5 c5 16. Re3 Ng4 17. Rh3 h6 18. Re1 f6 19. f3 Nxe5 20. dxe5 fxe5 21. Bg3 Qc7 22. Qg6 Kf8 23. Bh4 Qf7 24. Qh7 Qg8 25. Qe4 Rab8 26. Rg3 g5 27. Rg4 Qg7 28. Bf2 h5 29. Rg3 Kf7 30. Be3 Be7 31. Rh3 Rh8 32. Rf1 Ke8 33. Qa4+ Kf7 34. Qxa7 Ra8 35. Qxb7 Rxa2 36. Bxc5 Qf8 37. Rd1 Kf6 38. Be3 Qb8 39. Qxb8 Rxb8 40. Bc1 Bc5+ 41. Kf1 Ra1 42. Bxg5+ Kxg5 43. Rxa1 Rxb2 44. c3 Rf2+ 45. Ke1 Rxg2 46. Ra5 Rg1+ 47. Ke2 Rg2+ 48. Kd3 Bd6 49. Ra6 Bc5 50. Rxe6 Kf5 51. Rc6 Bg1 52. Rxh5+ Kf4 53. Rf6# 1-0

[Event "ROM-ch U12"]
[Site "Calimanesti"]
[Date "2015.03.31"]
[Round "2"]
[White "Cioculeasa, Andrei Vlad"]
[Black "Olariu, Luca Stefan"]
[Result "0-1"]
[WhiteElo "1151"]
[BlackElo "1478"]
[PlyCount "97"]
[EventDate "2015.03.30"]
[EventType "swiss"]
[EventRounds "9"]
[EventCountry "ROU"]
[SourceTitle "CBM 165 Extra"]
[Source "ChessBase"]
[SourceDate "2015.04.21"]
[SourceVersion "1"]
[SourceVersionDate "2015.04.21"]
[SourceQuality "1"]

1. e4 c5 2. Nf3 Nc6 3. Nc3 g6 4. Be2 Bg7 5. d3 e6 6. Be3 Nd4 7. 0-0 Ne7 8. Bxd4 cxd4 9. Nb1 0-0 10. c3 dxc3 11. bxc3 Nc6 12. d4 d5 13. e5 f6 14. exf6 Bxf6 15. c4 dxc4 16. Bxc4 Nxd4 17. Nbd2 Nxf3+ 18. Nxf3 Bxa1 19. Qxa1 Qf6 20. Qxf6 Rxf6 21. Re1 Bd7 22. Ne5 Bc6 23. Nxc6 bxc6 24. Bxe6+ Kf8 25. Bd7 Rd8 26. Bh3 Rd2 27. f3 Rfd6 28. a4 Rd1 29. Rxd1 Rxd1+ 30. Kf2 Rd4 31. a5 Ra4 32. Bd7 Ra2+ 33. Kg3 c5 34. f4 Rxa5 35. f5 gxf5 36. Bxf5 Kg7 37. Be6 Ra6 38. Bc4 Rc6 39. Kf4 Kf6 40. Ke4 Rd6 41. Ke3 a5 42. Bb5 Rb6 43. Ba4 Rb4 44. Bc2 a4 45. Kd3 a3 46. Ke3 Ke5 47. g3 Kd5 48. Bd1 a2 49. Bb3+ 0-1

[Event "ROM-ch U10"]
[Site "Calimanesti"]
[Date "2014.04.11"]
[Round "7"]
[White "Nicoara, David Cristian"]
[Black "Cioculeasa, Andrei Vlad"]
[Result "1-0"]
[WhiteElo "1248"]
[BlackElo "1001"]
[PlyCount "47"]
[EventDate "2014.04.06"]
[EventType "swiss"]
[EventRounds "9"]
[EventCountry "ROU"]
[SourceTitle "CBM 160 Extra"]
[Source "ChessBase"]
[SourceDate "2014.07.01"]
[SourceVersion "1"]
[SourceVersionDate "2014.07.01"]
[SourceQuality "1"]

1. e4 e5 2. Nf3 Nc6 3. Bc4 Nf6 4. Ng5 d5 5. exd5 Nxd5 6. d4 Nxd4 7. c3 b5 8. Bxd5 Qxd5 9. cxd4 Qxg2 10. Qf3 Bb4+ 11. Nc3 Bh3 12. Qxg2 Bxg2 13. Rg1 exd4 14. Rxg2 dxc3 15. b3 0-0 16. Rg4 c5 17. a3 f5 18. Rf4 c2+ 19. axb4 Rfe8+ 20. Be3 a6 21. bxc5 h6 22. Nf3 Rac8 23. Rxf5 g6 24. Re5 1-0

[Event "ROM-ch U10"]
[Site "Calimanesti"]
[Date "2014.04.08"]
[Round "3"]
[White "Raboj, Luca"]
[Black "Cioculeasa, Andrei Vlad"]
[Result "0-1"]
[WhiteElo "1001"]
[BlackElo "1001"]
[PlyCount "68"]
[EventDate "2014.04.06"]
[EventType "swiss"]
[EventRounds "9"]
[EventCountry "ROU"]
[SourceTitle "CBM 160 Extra"]
[Source "ChessBase"]
[SourceDate "2014.07.01"]
[SourceVersion "1"]
[SourceVersionDate "2014.07.01"]
[SourceQuality "1"]

1. e4 e5 2. Bc4 Nf6 3. Nf3 Nc6 4. Nc3 d6 5. d3 Bg4 6. Bg5 h6 7. Bxf6 Qxf6 8. 0-0 Nd4 9. Nxd4 Bxd1 10. Raxd1 exd4 11. Nd5 Qd8 12. b4 c6 13. Nf4 d5 14. exd5 Bxb4 15. dxc6 bxc6 16. Rde1+ Be7 17. Re2 Qd6 18. Re4 f5 19. Rxd4 Qxd4 20. c3 Qxf4 21. d4 c5 22. Bb5+ Kd8 23. Bc6 Rb8 24. a4 Bd6 25. g3 Qd2 26. d5 Qxc3 27. Kh1 Qd3 28. Kg1 Rb1 29. Kg2 Rxf1 30. Kh3 Rxf2 31. Bb5 Qb3 32. Kh4 Qxd5 33. g4 g5+ 34. Kh5 Qf7# 0-1